| 000 | 00836nam a2200205 4500 | ||
|---|---|---|---|
| 005 | 20260203115638.0 | ||
| 008 | 260109b |||||||| |||| 00| 0 eng d | ||
| 020 | _a9789083404165 | ||
| 041 | _aEnglish | ||
| 082 |
_a001.4 _bRAS |
||
| 100 |
_aRasch Miriam _9216249 |
||
| 245 | _aHands on Research for Artists, Designers & Educators | ||
| 260 |
_bSet Margins _c2025 |
||
| 300 | _a98 | ||
| 365 |
_b1560.26 _cRs.00 |
||
| 520 | _a1. When Does Making Become Research? Research by Making 2. What Is Out There? Research of context 3. Who Can Put Me To The Test? Participatory research 4. Why Do I Do What I Do? Reflecting on research 5. Where Do I Leave My Traces? Documenting research 6. What Is Research Without A Public? Making public | ||
| 650 | _aResearch | ||
| 700 |
_aStaal Harma _aGijsen Jojanneke _9216250 |
||
| 942 | _cBK | ||
| 999 |
_c369798 _d369798 |
||